Score 0/28 Timer 03:00
2 Plays Today
% Correct
lord
92.1%
bored
91.3%
board
89.5%
cord
86.6%
hoard
81.2%
poured
75.5%
roared
67.2%
sword
65.2%
stored
64.1%
soared
63.5%
chord
62.1%
gourd
60.9%
floored
59.5%
gored
58.9%
% Correct
shored
54.2%
scored
48.5%
cored
46.8%
pored
46.7%
spored
44.9%
snored
42.7%
ward
40.4%
fjord
39.7%
horde
35.8%
whored
29.3%
warred
20.4%
oared
17.5%
sward
4.8%
spoored
4.3%
Remove Ads.
Support Sporcle.
Get the best of Sporcle when you Go Orange. This ad-free experience offers more features, more stats, and more fun while also helping to support Sporcle. Thank you for becoming a member.

You're not logged in!

Compare scores with friends on all Sporcle quizzes.
OR
Log In

Show Comments

Extras

Top Quizzes Today


Score Distribution

Your Account Isn't Verified!

In order to create a playlist on Sporcle, you need to verify the email address you used during registration. Go to your Sporcle Settings to finish the process.

Report this User

Report this user for behavior that violates our Community Guidelines.

Details: